000 00663nam a2200241Ia 4500
003 OSt
005 20220918203324.0
006 a|||||r|||| 00| 0
007 ta
008 220917b |||||||| |||| 00| 0 eng d
024 _a107,544
037 _cTextual
040 _aARTS
_cARTS
_beng
041 _2eng
_aeng
082 _aV4416:72.C7, M8
100 _aSarma I K
245 0 _aStudies in early Buddhist monuments and Brahmi inscriptions of Andhra Desa
260 _aNagpur
_bDattsons
_c1988
300 _axxiv, 132p.
_ccm.
650 _aHISTORY
942 _hV4416:72.C7, M8
_cTEXL
_2CC
999 _c230901
_d230901